000
00330 a2200145 4500
001
155090
040
_c
Escola São Tomás de Aquino
100
_a
SHAKESPEARE, William
240
1
0
_a
King Lear
_l
por
245
1
0
_a
King Lear
300
_a
24
440
1
_a
Companhia Editora Nacional
697
_a
Língua inglesa
942
_c
BK
999
_c
155090
_d
155090